Milyen lesz Í98

Elmentve itt :
Bibliográfiai részletek
Szerző: ÁGOSTON Hugó
Adatforrás:Meister
Forrásdokumentuma:A Hét. -
3 sz., 1998, 1 p.
Nyelv:magyar
Kulcsszavak:politikai publicisztika
információs társadalom
globalizáció
LEADER 00384nab a2200145 i 4500
001 bibPRO00007331
008 060524s1998 xx hun
040 |a Sz1 
041 |a hun 
100 1 |a ÁGOSTON Hugó 
245 1 0 |a Milyen lesz Í98  |c ÁGOSTON Hugó 
695 |a politikai publicisztika 
695 |a információs társadalom 
695 |a globalizáció 
773 0 |t A Hét. -  |g 3 sz., 1998, 1 p.